000 01261nam a22002297a 4500
999 _c56794
_d56794
003 Ge_BSU
005 20200212115528.0
008 190424s2002 ge ||||| |||| 00| 0 geo d
020 _a9992832010
041 _ageo
080 _a343.139 გ-12
100 _aგაბისონია, იური
_9462
245 _aსისხლის სამართლის საქმეთა განხილვა სასამართლოში :
_bკანონმდებლობა მოცემულია 2002 წლის 1 იანვრის მდგომარეობით /
_cიური გაბისონია , რედ. აპოლონ ფალიაშვილი.
264 _aთბილისი :
_bმერიდიანი,
_c2002.
300 _a773 გვ :
_c20 სმ.
504 _aბიბლიოგრ.: გვ. 746-764.
520 _aრეზ. რუს. ენ აზე
653 _aსისხლის სამართლის საქმეების სასამართლო განხილვა
653 _aსამართალი
700 _aფალიაშვილი, აპოლონ
_eრედაქტორი
_9241
942 _2udc
_cBK